000 00718cam a22001812a 4500
001 ca 15000191
003 DLC
005 20260227111059.0
008 860212m17931794ru 000 0druso
010 _aca 15000191
_z 59059611
040 _aDLC
_cDLC
_dDLC
050 0 0 _aDK70.S6
_bB6
100 1 _aBoltin, Ivan Nikitich,
_d1735-1792.
245 1 0 _aKriticheskīi͡a primi͡echanīi͡a na pervyĭ [-vtoroĭ] tom Istorīi kni͡azi͡a Shcherbatova.
260 _aV Sanktpeterburgi͡e :
_bV Tip. Korpusa chuzhestrannykh edinovi͡ert͡sov,
_c1793-1794.
300 _a2 v. ;
_c26 cm.
600 1 0 _aShcherbatov, M. M.
_q(Mikhail Mikhaĭlovich),
_ckni͡azʹ,
_d1733-1790.
_tIstorii͡a rossīĭskai͡a ot drevni͡eshikh vremi͡an.
999 _c14794
_d14794